000 01025nam a22002537a 4500
001 BD-DhSAU 9117
003 BD-DhSAU
005 20190410130743.0
008 150613b2007 bg a|||| m||| 00| 0 eng d
040 _aBD-DhSAU
082 _222
_a630
_bSu59
100 _aSultana, Mst. Yasmin
_eRegistration # 27458/00661
245 _aPerfoemance of wheat-grasspea mixed cropping under different seed rate rations /
_bMS thesis
_cMst. Yasmin Sultana
260 _aSher-e-Bangla Agricultural University :
_bDepartment of Agronomy,
_c2007.
300 _axii, 122 p. :
_bill. ;
_c30 cm.
500 _aMS thesis of Department of Agronomy, Faculty of Agriculture, Sher-e-Bangla Agricultural University, Dhaka, Bangladesh
504 _aIncludes bibliographical reference.
590 _aJerin
650 _aAgronomy
700 _aUllah, Md. Jafar
_eSuperviser
700 _aAmin, A. K. M. Ruhul
_eCo-superviser
856 _uhttp://archive.saulibrary.edu.bd:8080/xmlui/handle/123456789/2377
942 _2ddc
_cTHESIS
999 _c9117
_d9117